000 00490nam a2200181 a 4500
001 1096
003 CDMR
005 20130610130653.0
008 130130s ||||||||||||||||||||||||||||d
040 _aCDMR
_bcat
_cCDMR
100 1 _aCasanova Junoy, Mercedes
_9865
245 1 3 _aEl telefilme americano
_cMercedes Casanova Junoy
260 _aBarcelona
650 0 4 _91004
_aTelevisió
_zEstats Units
650 0 4 _93479
_aCinematografia i televisió
650 0 4 _92536
_aTelefilm
942 _cTSN
_2udc
999 _c1096
_d1096